Kết cấu bê tông ứng lực trước căng sau trong nhà nhiều tầng

Cuốn sách được biên soạn dựa theo Tiêu chuẩn thiết kế Kết cấu bê tông và bê tông cốt thép TCXDVN 356:2005 cùng một số tiêu chuẩn, tài liệu khác trong đó có những kết quả nghiên cứu, kinh nghiệm thiết kế, giám sát và thi công các thể loa...

Cijeli opis

Spremljeno u:
Bibliografski detalji
Glavni autor: Lê Thanh Huấn Chủ biên
Daljnji autori: Nguyễn Hữu Việt, Nguyễn Tất Tâm
Format: Knjiga
Jezik:Vietnamese
Izdano: H. Xây dựng 2017
Izdanje:Tái bản
Teme:
Oznake: Dodaj oznaku
Bez oznaka, Budi prvi tko označuje ovaj zapis!
Thư viện lưu trữ: Thư viện Trường Đại học Nam Cần Thơ
LEADER 01579nam a22002417a 4500
001 NCT_36500
008 180523b xxu||||| |||| 00| 0 vie d
999 |c 1761  |d 1761 
020 |a 9786048208714  |c 64000 
082 0 4 |2 23rd ed.  |a 624.18334  |b H502 
100 1 |a Lê Thanh Huấn  |d Chủ biên 
245 1 0 |a Kết cấu bê tông ứng lực trước căng sau trong nhà nhiều tầng  |c Lê Thanh Huấn (chủ biên); Nguyễn Hữu Việt, Nguyễn Tất Tâm 
250 |a Tái bản 
260 |a H.  |b Xây dựng  |c 2017 
300 |a 164 tr.  |b Minh họa  |c 24cm 
520 3 |a Cuốn sách được biên soạn dựa theo Tiêu chuẩn thiết kế Kết cấu bê tông và bê tông cốt thép TCXDVN 356:2005 cùng một số tiêu chuẩn, tài liệu khác trong đó có những kết quả nghiên cứu, kinh nghiệm thiết kế, giám sát và thi công các thể loại kết cấu bê tông ứng lực trước trong những năm qua. 
653 |a Kỹ thuật công trình xây dựng 
700 1 |a Nguyễn Hữu Việt 
700 1 |a Nguyễn Tất Tâm 
942 |2 ddc  |c BK 
952 |0 0  |1 0  |2 ddc  |4 0  |6 624_183340000000000_H502  |7 0  |9 8691  |a 000001  |b 000001  |d 2018-05-23  |o 624.18334 H502  |p MD.11310  |r 2018-05-23  |w 2018-05-23  |y BK 
952 |0 0  |1 0  |2 ddc  |4 0  |6 624_183340000000000_H502  |7 0  |9 8692  |a 000001  |b 000001  |d 2018-05-23  |o 624.18334 H502  |p MD.11311  |r 2018-05-23  |w 2018-05-23  |y BK 
980 |a Thư viện Trường Đại học Nam Cần Thơ